|
|
|
|
| LEADER |
00000nam0a2200000 4500 |
| 001 |
105081 |
| 005 |
20231101214604.0 |
| 010 |
|
|
|a 5279028568
|
| 035 |
|
|
|a (RuTPU)RU\TPU\book\113338
|
| 090 |
|
|
|a 105081
|
| 100 |
|
|
|a 20061113d2006 km y0rusy50 ca
|
| 101 |
0 |
|
|a rus
|
| 102 |
|
|
|a RU
|
| 105 |
|
|
|a y z 001zy
|
| 200 |
1 |
|
|a Как читать баланс
|f В. В. Ковалев, В. В. Патров, В. А. Быков
|
| 205 |
|
|
|a 5-е изд., перераб. и доп.
|
| 210 |
|
|
|a Москва
|c Финансы и статистика
|d 2006
|
| 215 |
|
|
|a 672 с.
|
| 320 |
|
|
|a Библиогр.: с. 664-668.
|
| 330 |
|
|
|a В пятом издании книги (4-е изд. - 2002 г.), значительно переработанном и дополненном, рассматриваются предварительные процедуры, предшествующие составлению бухгалтерской отчетности, состав, содержание, техника составления и принципы анализа отчетности организации. Представлена взаимосвязь показателей бухгалтерской отчетности, приведена система показателей оценки финансового состояния организации. Методика экономического чтения отчетности построена с использованием зарубежного опыта. Для бухгалтеров, специалистов финансово-экономических служб, руководителей организаций, аудиторов, других пользователей бухгалтерской отчетности, а также для преподавателей, аспирантов, студентов экономических специальностей вузов и слушателей курсов повышения квалификации.
|
| 606 |
1 |
|
|a Баланс бухгалтерский
|x Анализ
|2 stltpush
|3 (RuTPU)RU\TPU\subj\27990
|9 51615
|
| 610 |
1 |
|
|a экономика
|
| 610 |
1 |
|
|a бухгалтерский учет
|
| 610 |
1 |
|
|a баланс
|
| 610 |
1 |
|
|a бухгалтерская отчетность
|
| 610 |
1 |
|
|a содержание
|
| 610 |
1 |
|
|a составление
|
| 610 |
1 |
|
|a учебная политика
|
| 610 |
1 |
|
|a сводная отчетность
|
| 610 |
1 |
|
|a основные средства
|
| 610 |
1 |
|
|a анализ
|
| 610 |
1 |
|
|a экспресс-анализ
|
| 610 |
1 |
|
|a консолидированная отчетность
|
| 675 |
|
|
|a 657.37
|v 3
|
| 700 |
|
1 |
|a Ковалев
|b В. В.
|g Валерий Викторович
|
| 701 |
|
1 |
|a Патров
|b В. В.
|g Виктор Владимирович
|
| 701 |
|
1 |
|a Быков
|b В. А.
|g Василий Александрович
|
| 801 |
|
1 |
|a RU
|b 63413507
|c 20061113
|g PSBO
|
| 801 |
|
2 |
|a RU
|b 63413507
|c 20150403
|g PSBO
|
| 942 |
|
|
|c BK
|
| 959 |
|
|
|a 90/20061025
|d 1
|e 220,00
|f ЧЗГЛ:1
|